| 000 | 00559cam a2200217ua 4500 | ||
|---|---|---|---|
| 020 | _c335.00 | ||
| 041 |
_aeng _h |
||
| 082 |
_a621.801 _bUIC/TH |
||
| 100 | _aUicker, John J . | ||
| 245 |
_aTheory of machines and mechanisms / _cJohn J Uicker. _hTextual Documents |
||
| 250 |
_a3 / _b. |
||
| 260 |
_aCalcutta : _bOxford University Press , _c2007. |
||
| 300 | _a733 ; . | ||
| 365 | _a335.00 | ||
| 504 | _a | ||
| 700 | 1 | _aPennock, Gordon R . | |
| 700 | 1 | _aShigley, Joseph E . | |
| 942 | _cBK | ||
| 999 |
_c13223 _d13223 |
||